000 00428nam a22001697a 4500
999 _c2463
_d2463
005 20181015155011.0
008 181015b ||||| |||| 00| 0 eng d
040 _cDLC
082 _a262
_bG3471C
100 _aGeorge, C. C.
245 _aChurch of God and Reformation
_cC.C. George
260 _aDelhi
_bHevenly Voice Publication
300 _a164p,;
650 _achurch
_xmission
650 _areformation
942 _2ddc
_cBK